Grundriss der Philosophie / Bd. 2 Die philosophischen Sonderdisziplinen
| Autor principal: | |
|---|---|
| Tipo de documento: | Print Libro |
| Lenguaje: | Alemán |
| Publicado: |
Meisenheim am Glan
Hain
1964
|
| En: |
Grundriss der Philosophie
Año: 1964 |
| Disponibilidad en Tübingen: | Disponible en Tübingen. IFK: Q I 25 |
| Verificar disponibilidad: | HBZ Gateway |
| Servicio de pedido Subito: | Pedir ahora. |
MARC
| LEADER | 00000cam a2200000 cc4500 | ||
|---|---|---|---|
| 001 | 1071161547 | ||
| 003 | DE-627 | ||
| 005 | 20240424194133.0 | ||
| 007 | tu | ||
| 008 | 850101s1964 xx ||||| 00| ||ger c | ||
| 035 | |a (DE-627)1071161547 | ||
| 035 | |a (DE-576)001161547 | ||
| 035 | |a (DE-599)BSZ001161547 | ||
| 035 | |a (OCoLC)310106208 | ||
| 035 | |a (OCoLC)165097725 | ||
| 040 | |a DE-627 |b ger |c DE-627 |e rakwb | ||
| 041 | |a ger | ||
| 084 | |a 1 |2 ssgn | ||
| 084 | |a CB 3800 |2 rvk |0 (DE-625)rvk/17582: | ||
| 100 | 1 | |a Diemer, Alwin |d 1920-1986 |0 (DE-588)137436319 |0 (DE-627)592630862 |0 (DE-576)303561882 |4 aut | |
| 109 | |a Diemer, Alwin 1920-1986 | ||
| 245 | 1 | 0 | |a Grundriss der Philosophie |n Bd. 2 |p Die philosophischen Sonderdisziplinen |c von Alwin Diemer |
| 264 | 1 | |a Meisenheim am Glan |b Hain |c 1964 | |
| 300 | |a XIV, 861 S. |c 24 cm | ||
| 336 | |a Text |b txt |2 rdacontent | ||
| 337 | |a ohne Hilfsmittel zu benutzen |b n |2 rdamedia | ||
| 338 | |a Band |b nc |2 rdacarrier | ||
| 583 | 1 | |a Archivierung/Langzeitarchivierung gewährleistet |f SSG |x XA-DE-BW |2 pdager |5 DE-21 | |
| 773 | 1 | 8 | |a Grundriss der Philosophie |w (DE-627)1071161520 |w (DE-576)001161520 |g 2 |q 2 |7 nnam |
| 935 | |a mteo | ||
| 936 | r | v | |a CB 3800 |b Allgemeine philosophische Hand- und Lehrbücher |k Philosophie |k Allgemeines |k Lexika, Nachschlagewerke, Enzyklopädien, Gesammelte Abhandlungen |k Allgemeine philosophische Hand- und Lehrbücher |0 (DE-627)127063853X |0 (DE-625)rvk/17582: |0 (DE-576)20063853X |
| 951 | |a MV | ||
| ELC | |b 1 | ||
| LOK | |0 000 xxxxxcx a22 zn 4500 | ||
| LOK | |0 001 2008295117 | ||
| LOK | |0 003 DE-627 | ||
| LOK | |0 004 1071161547 | ||
| LOK | |0 005 20250311101458 | ||
| LOK | |0 008 930616||||||||||||||||ger||||||| | ||
| LOK | |0 040 |a DE-21-110 |c DE-627 |d DE-21-110 | ||
| LOK | |0 852 |a DE-21-110 | ||
| LOK | |0 852 1 |c Q I 25 |m p |9 00 | ||
| LOK | |0 935 |a k110 | ||
| LOK | |0 936ln |a 2.1 | ||
| LOK | |0 938 |k p | ||
| LOK | |0 939 |a 16-06-93 |b l01 | ||
| ORI | |a SA-MARC-krimdoka001.raw | ||
| SIG | |a IFK: Q I 25 | ||
